Argumentación y semiosis de la didáctica del lenguaje y las matemáticas / Adolfo León Gómez Giraldo[et-al] (Registro nro. 11466)

Detalles MARC
000 -LEADER
fixed length control field 00655nam a22001931a 4500
001 - CONTROL NUMBER
control field 11466
003 - CONTROL NUMBER IDENTIFIER
control field OSt
005 - DATE AND TIME OF LATEST TRANSACTION
control field 20260204212243.0
008 - FIXED-LENGTH DATA ELEMENTS--GENERAL INFORMATION
fixed length control field 121109s2007||||ck ||||||b||||||||||spa||
020 ## - NUMERO DE LIBRO INTERNACIONAL NORMALIZADO
International Standard Book Number 9789588337128
050 ## - LIBRARY OF CONGRESS CALL NUMBER
Classification number 510.7 A38s
245 ## - TÍTULO PROPIAMENTE DICHO: SUBTÍTULO
Title Argumentación y semiosis de la didáctica del lenguaje y las matemáticas / Adolfo León Gómez Giraldo[et-al]
264 ## - PRODUCTION, PUBLICATION, DISTRIBUTION, MANUFACTURE, AND COPYRIGHT NOTICE
Place of production, publication, distribution, manufacture Colombia: Universidad Distrital Francisco José
300 ## - PHYSICAL DESCRIPTION
Extensión 168 p
500 ## - GENERAL NOTE
General note Incluye bibligrafía
650 ## - ASIENTO SECUNDARIO DE MATERIA -- TERMINO TEMÁTICO
Termino Temático Como Elemento de Entrada Matemática - Enseñanza 2.Matemática - Didactica 3.Matemática - Metodos de Enseñanza
700 ## - ASIENTO SECUNDARIO -- NOMBRE PERSONAL
Personal name Gómez Giraldo, Adolfo LeónÌ
942 ## - ADDED ENTRY ELEMENTS (KOHA)
Source of classification or shelving scheme Dewey Decimal Classification
Koha item type Libros
Existencias
Withdrawn status Lost status Source of classification or shelving scheme Damaged status Not for loan Current library Date acquired Total Checkouts Full call number Barcode Date last seen Price effective from Koha item type
    Dewey Decimal Classification     Biblioteca UTECO 09/09/2019   510.7 A38S 016442 09/09/2019 09/09/2019 Libros
    Dewey Decimal Classification     Biblioteca UTECO 09/09/2019   510.7 A38S 016443 09/09/2019 09/09/2019 Libros
    Dewey Decimal Classification     Biblioteca UTECO 09/09/2019   510.7 A38S 016444 09/09/2019 09/09/2019 Libros
© 2021 Derechos Reservados UTECO - Teléfono: +1 809-585-2291 - Correo electrónico: biblioteca@uteco.edu.do​  
Código postal 43000 ​​
Dirección: Avenida Universitaria No. 100, 
Cotuí, Provincia Sánchez Ramírez, República Dominicana - RNC: 404-00059-6